Advinhe os jogadores de futebol pela foto - Statistics

Estatísticas Gerais
  • Esse quiz foi jogado 533 vezes
  • A pontuação média é 14 de 16
Estatísticas das Respostas
Imagem Resposta % Correto
Neymar Júnior
100%
Cristiano Ronaldo
99%
Lionel Messi
99%
Kylian Mbappé
96%
Mohamed Salah
93%
Luka Modric
91%
Harry Kane
90%
Luis Suárez
90%
Kevin De Bruyne
86%
Sadio Mané
86%
Andrés Iniesta
85%
Gareth Bale
85%
Memphis Depay
85%
Robert Lewandowski
84%
Manuel Neuer
83%
Andrew Robertson
62%
Nenhum quiz correspondente encontrado
Distribuição das Pontuações
Porcentagem de Pessoas com Cada Pontuação
Percentil de Números Respondidos
Sua Pontuação Histórica
Você não jogou esse quiz